00310 a2200133 450000100060000002000270000604000240003310000190005724000310007624500260010730000110013336200090014465000230015313997 a9788598078908 (broch.) cAnchieta - Aquarius aZampil, Raquel10a=O último olimpianolpor10a=O último olimpiano a383p. 0 a2010 4aLiteratura inglesa